01612 a2200193 4500999001700000020001800017082001900035100002100054245007000075260003100145300001900176504003700195520091700232650004901149650001801198650003901216942001201255952015101267 c38754d38754 a9781032644462 a320.954bGUD-P aGudavarthy, Ajay aPolitics, Ethics and Emotions in 'new India'/cby Ajay Gudavarthy aLondon:bRoutledge,c2023. ax, 209p.e24cm ainclude index (page no 206-209). aHow do emotions mobilise in politics? How do they frame ideologies? Broadly focusing on these questions, this book explains the role emotions play in Indian politics and the part they played in the aftermath of the 2019 general elections. It traces the consolidation of the Right in India and highlights the reasons for its electoral successes with a focus on the interplay between ethics and emotions such as fear, anxiety, guilt, shame, anger, hatred, betrayal, and violence. At the same time, it traces the changing dynamic in the way we think about politics and analyses the failure of liberal democratic institutions to make space for emotions in politics and political motivations. An accessible and essential guide to understanding contemporary India, this book will be of great interest to scholars and researchers of politics, especially governance and political theory, as well as South Asian studies. aPolitics and governmentv21st centuryzIndia aEthicszIndia aEmotionsvPolitical aspectszIndia 2ddccBK 00104070aNASSDOCbNASSDOCd2024-03-20eNarendra Publishing Houseg934.99l0o320.954 GUD-Pp53936r2024-04-10 00:00:00v1295.00w2024-04-10yBK